[Event "Skopje op-B"]
[Site "Skopje"]
[Date "2023.12.08"]
[Round "3"]
[White "Stojmanovski, Toni"]
[Black "Burns, Michael"]
[Result "1/2-1/2"]
[WhiteElo "1898"]
[BlackElo "1372"]
[PlyCount "73"]
[EventDate "2023.12.06"]
[EventType "swiss"]
[EventRounds "9"]
[EventCountry "MKD"]
[SourceTitle "CB51_2023"]
[SourceDate "2023.12.20"]
[SourceVersion "1"]
[SourceVersionDate "2023.12.20"]
[SourceQuality "1"]

1. d4 Nf6 2. c4 e6 3. Nc3 Bb4 4. Qb3 c5 5. e3 Nc6 6. Nf3 d5 7. dxc5 Bxc5 8. Be2 0-0 9. 0-0 dxc4 10. Qxc4 Be7 11. Rd1 Qb6 12. a3 e5 13. Na4 Qc7 14. b4 Be6 15. Qc2 Rac8 16. Bb2 e4 17. Nd2 Nd4 18. Qxc7 Nxe2+ 19. Kf1 Rxc7 20. Kxe2 Rfc8 21. Rac1 Rc2 22. Rxc2 Rxc2 23. Rc1 Bc4+ 24. Ke1 Rxc1+ 25. Bxc1 Bd5 26. Nc3 Bc6 27. b5 Bd7 28. h3 Bd8 29. Ke2 Ba5 30. Ndb1 Be6 31. Bd2 Bc4+ 32. Ke1 Bd3 33. g4 Nd7 34. Nd5 Bxd2+ 35. Nxd2 Nc5 36. b6 axb6 37. Nxb6 1/2-1/2

[Event "Skopje op-B"]
[Site "Skopje"]
[Date "2023.12.08"]
[Round "4"]
[White "Topalov, Nikola"]
[Black "Stojmanovski, Toni"]
[Result "0-1"]
[WhiteElo "1463"]
[BlackElo "1898"]
[PlyCount "36"]
[EventDate "2023.12.06"]
[EventType "swiss"]
[EventRounds "9"]
[EventCountry "MKD"]
[SourceTitle "CB51_2023"]
[SourceDate "2023.12.20"]
[SourceVersion "1"]
[SourceVersionDate "2023.12.20"]
[SourceQuality "1"]

1. e4 d5 2. exd5 Nf6 3. Nf3 Nxd5 4. d3 Nc6 5. Bd2 g6 6. c3 Bg7 7. h3 0-0 8. Be2 a5 9. a4 e5 10. Nh2 Be6 11. 0-0 f5 12. Re1 Qd7 13. Qc1 Rad8 14. Bh6 Bxh6 15. Qxh6 Nf4 16. Kf1 Nxe2 17. Rxe2 Qxd3 18. Qd2 Bc4 0-1

[Event "FRM-ch op"]
[Site "Skopje"]
[Date "2023.05.09"]
[Round "7"]
[White "Petreski, Leonid"]
[Black "Stojmanovski, Toni"]
[Result "1-0"]
[WhiteElo "2089"]
[BlackElo "1921"]
[PlyCount "99"]
[EventDate "2023.05.04"]
[EventType "swiss"]
[EventRounds "9"]
[EventCountry "MKD"]
[SourceTitle "CBM 214 Extra"]
[Source "ChessBase"]
[SourceDate "2023.07.31"]
[SourceVersion "1"]
[SourceVersionDate "2023.07.31"]
[SourceQuality "1"]

1. e4 e5 2. Nf3 Nc6 3. Bc4 Nf6 4. d3 Be7 5. Nbd2 0-0 6. 0-0 h6 7. Re1 d6 8. c3 Na5 9. Bb5 c5 10. Ba4 Qc7 11. Nf1 Rb8 12. Bc2 Nc6 13. Ng3 b5 14. h3 Re8 15. Nh4 Bf8 16. Nhf5 Bxf5 17. Nxf5 Ne7 18. Qf3 Nxf5 19. Qxf5 Qd7 20. Qf3 Qe6 21. Bd2 a5 22. d4 Nd7 23. dxc5 dxc5 24. a4 b4 25. cxb4 cxb4 26. Bb3 Qf6 27. Qg3 Nc5 28. Bd5 Red8 29. Re2 Ne6 30. Be3 Nc7 31. Bb3 Ne6 32. Rc1 Nd4 33. Bxd4 Rxd4 34. Rc7 Be7 35. Ra7 Rbd8 36. Bd5 Rd1+ 37. Kh2 R1xd5 38. exd5 e4 39. Qg4 Qe5+ 40. g3 f5 41. Qg6 Bf6 42. Rxa5 e3 43. Rxe3 Qxb2 44. Qxf5 Rf8 45. Rf3 Qd2 46. Rb5 Kh8 47. Qd3 Qe1 48. d6 Rd8 49. Qe3 Qd1 50. Rxf6 1-0

[Event "FRM-ch op"]
[Site "Skopje"]
[Date "2018.12.19"]
[Round "5"]
[White "Danchevski, Orce"]
[Black "Stojmanovski, Toni"]
[Result "1-0"]
[WhiteElo "2346"]
[BlackElo "1871"]
[PlyCount "85"]
[EventDate "2018.12.15"]
[EventType "swiss"]
[EventRounds "9"]
[EventCountry "MKD"]
[SourceTitle "CBM 187 Extra"]
[Source "ChessBase"]
[SourceDate "2018.11.04"]
[SourceVersion "1"]
[SourceVersionDate "2018.11.04"]
[SourceQuality "1"]

1. c4 Nf6 2. d4 c5 3. Nf3 g6 4. Nc3 Bg7 5. e4 cxd4 6. Nxd4 d6 7. Be2 Nbd7 8. Be3 a6 9. 0-0 Nc5 10. f3 Ne6 11. Nc2 0-0 12. Qd2 Bd7 13. Kh1 Qc7 14. Nb4 Bc6 15. Rac1 Qa5 16. Nbd5 Bxd5 17. Nxd5 Qd8 18. Nb6 Rb8 19. a4 Nd7 20. a5 Nec5 21. Nxd7 Nxd7 22. b4 Rc8 23. Rfd1 Rc6 24. f4 e5 25. b5 axb5 26. cxb5 Rxc1 27. Rxc1 exf4 28. Bxf4 Be5 29. a6 bxa6 30. bxa6 Qf6 31. Bg5 Qf2 32. Qe3 Bd4 33. Qxf2 Bxf2 34. Be7 Re8 35. Bxd6 Rxe4 36. Bb5 Re6 37. Bb4 Nf6 38. Rc8+ Kg7 39. Bf8+ Kh8 40. Bc5+ Kg7 41. Bxf2 Ne4 42. Bd4+ Kh6 43. Re8 1-0

[Event "FRM-ch op 23rd"]
[Site "Struga"]
[Date "2014.08.28"]
[Round "4"]
[White "Maneski, David"]
[Black "Stojmanovski, Toni"]
[Result "0-1"]
[WhiteElo "1643"]
[BlackElo "1863"]
[PlyCount "52"]
[EventDate "2014.08.25"]
[EventType "swiss"]
[EventRounds "9"]
[EventCountry "MKD"]
[SourceTitle "CBM 162 Extra"]
[Source "ChessBase"]
[SourceDate "2014.10.17"]
[SourceVersion "1"]
[SourceVersionDate "2014.10.17"]
[SourceQuality "1"]

1. e4 d5 2. exd5 Nf6 3. d4 Bg4 4. Nf3 Bxf3 5. Qxf3 Qxd5 6. Qxd5 Nxd5 7. a3 e6 8. c4 Nf6 9. Nc3 Nc6 10. Be3 0-0-0 11. 0-0-0 Be7 12. Be2 a6 13. b4 Rd7 14. Bf3 Rhd8 15. d5 Ne5 16. dxe6 Rxd1+ 17. Bxd1 Nxc4 18. Bb3 Nxa3 19. exf7 Bxb4 20. Rd1 Rxd1+ 21. Kxd1 Bf8 22. Ne2 c5 23. Be6+ Kd8 24. Nf4 Nb5 25. Nd5 Nxd5 26. Bxd5 Nc3+ 0-1